[Event "XXXIV Open Internacional de Barbera del Valles - G
[Site "Barbera del Valles (Spain)"]
[Date "2011.07.06"]
[Round "3"]
[Board "1"]
[White "CRUZ LLEDO, Pablo"]
[Black "MINGARRO CARCELLER, Sergi"]
[Result "1-0"]
[WhiteElo "2269"]
[BlackElo "2069"]
[PlyCount "57"]
[EventDate "2011.07.04"]
[EventRounds "9"]
[EventCountry "ESP"]

1.d4 Nf6 2.c4 c5 3.d5 b5 4.Nf3 b4 5.Qc2 g6 6.e4 d6 7.Nbd2 Bg7 8.Be2 O-O 9.O-O a5
10.Re1 Nbd7 11.h3 Qc7 12.Nf1 e6 13.Bf4 e5 14.Bh2 Nh5 15.Ne3 Nb6 16.g3 f5 17.exf5
gxf5 18.Nh4 Qf7 19.Qd1 Nf6 20.Nhxf5 Bxf5 21.Nxf5 Nfxd5 22.g4 Ne7 23.Qxd6 Nxf5
24.gxf5 Nd7 25.Bf3 Kh8 26.Bxa8 Rxa8 27.Qe6 Qh5 28.Qxd7 Rg8 29.Re3 1-0

[Event "XXXIV Open Internacional de Barbera del Valles - G
[Site "Barbera del Valles (Spain)"]
[Date "2011.07.06"]
[Round "3"]
[Board "1"]
[White "DALO, Hermes"]
[Black "CAPELLADES SUBIRANA, Marc"]
[Result "1/2-1/2"]
[WhiteElo "2049"]
[BlackElo "2260"]
[PlyCount "111"]
[EventDate "2011.07.04"]
[EventRounds "9"]
[EventCountry "ESP"]

1.d4 Nf6 2.c4 e6 3.Nc3 Bb4 4.e3 b6 5.Bd3 Bb7 6.f3 c5 7.Nge2 cxd4 8.exd4 d5 9.O-O
dxc4 10.Bxc4 O-O 11.Bg5 Be7 12.Qd2 Nc6 13.Rad1 Nd5 14.Bxe7 Ncxe7 15.Bd3 Qd7
16.Rfe1 Rfd8 17.Bb1 Rac8 18.Qd3 Ng6 19.a3 Qe7 20.Nxd5 Bxd5 21.Nc3 Qh4 22.Nxd5
Rxd5 23.g3 Rg5 24.Re4 Qh3 25.f4 Rh5 26.Qe2 Ne7 27.f5 Nxf5 28.Rxe6 Rf8 29.Bxf5
Rxf5 30.Re8 Qh5 31.Qxh5 Rxh5 32.Re7 Ra8 33.d5 Kf8 34.Rc7 Rd8 35.d6 Rh6 36.Rf1
Rf6 37.Rxf6 gxf6 38.d7 a5 39.Rb7 Ke7 40.Rxb6 Rxd7 41.b3 a4 42.bxa4 Rd3 43.a5
Rxa3 44.a6 Ra2 45.Rc6 f5 46.Rh6 Kf8 47.Rxh7 Rxa6 48.Kg2 Ke7 49.h4 Ra3 50.Rh8 Kf6
51.Rb8 Ra2+ 52.Kf3 Ra3+ 53.Kf2 Ra2+ 54.Kf3 Ra3+ 55.Kf2 Ra2+ 56.Kf3 1/2-1/2

[Event "XXXIV Open Internacional de Barbera del Valles - G
[Site "Barbera del Valles (Spain)"]
[Date "2011.07.06"]
[Round "3"]
[Board "1"]
[White "BAS MAS, Jose Joaquin"]
[Black "VILARNOVO CAAMANO, Jose"]
[Result "0-1"]
[WhiteElo "2194"]
[BlackElo "2061"]
[PlyCount "50"]
[EventDate "2011.07.04"]
[EventRounds "9"]
[EventCountry "ESP"]

1.e4 c5 2.Nf3 Nc6 3.d4 cxd4 4.Nxd4 Nf6 5.Nc3 e5 6.Ndb5 d6 7.Bg5 a6 8.Na3 b5
9.Nd5 Be7 10.Bxf6 Bxf6 11.c3 Bg5 12.Nc2 Rb8 13.a4 bxa4 14.Ncb4 Nxb4 15.Nxb4 Bd7
16.Qxd6 Be7 17.Qxe5 O-O 18.Nd5 Re8 19.Qd4 Rxb2 20.Bc4 Bd6 21.O-O Bb5 22.Rad1 Qh4
23.f4 Rc8 24.Ne3 Bc5 25.Bxf7+ Kf8 0-1

[Event "XXXIV Open Internacional de Barbera del Valles - G
[Site "Barbera del Valles (Spain)"]
[Date "2011.07.06"]
[Round "3"]
[Board "1"]
[White "ARANAZ MURILLO, Amalia"]
[Black "GUIX TORRES, David"]
[Result "1-0"]
[WhiteElo "2176"]
[BlackElo "2019"]
[PlyCount "63"]
[EventDate "2011.07.04"]
[EventRounds "9"]
[EventCountry "ESP"]

1.Nf3 d5 2.d4 Nf6 3.c4 dxc4 4.e3 Bg4 5.Bxc4 e6 6.Nc3 Nbd7 7.Be2 Bd6 8.O-O O-O
9.h3 Bf5 10.Nh4 Be4 11.Nxe4 Nxe4 12.Nf3 c5 13.Bd3 Ndf6 14.Qc2 Nxf2 15.Qxf2 Rc8
16.b3 cxd4 17.exd4 e5 18.Bf5 e4 19.Bxc8 exf3 20.Bxb7 fxg2 21.Bxg2 Nh5 22.Qf3 Ng3
23.Bf4 Nxf1 24.Rxf1 Qb6 25.Rd1 Bb4 26.Qc6 Qa5 27.a4 Qf5 28.Qe4 Qh5 29.Qf3 Qf5
30.Bd2 Qa5 31.Bxb4 Qxb4 32.d5 1-0

[Event "XXXIV Open Internacional de Barbera del Valles - G
[Site "Barbera del Valles (Spain)"]
[Date "2011.07.06"]
[Round "3"]
[Board "1"]
[White "LJUBAROV, Mark"]
[Black "VELEZ ROMERO, Juan Luis"]
[Result "1-0"]
[WhiteElo "2115"]
[BlackElo "1939"]
[PlyCount "77"]
[EventDate "2011.07.04"]
[EventRounds "9"]
[EventCountry "ESP"]

1.e4 c5 2.c3 g6 3.d4 Bg7 4.dxc5 a5 5.Be3 Qc7 6.Na3 Na6 7.Bxa6 Rxa6 8.Qd3 Nf6
9.Ne2 O-O 10.f3 d6 11.Nb5 Qb8 12.cxd6 exd6 13.O-O d5 14.Bf4 dxe4 15.fxe4 Qa8
16.Nc7 Qa7+ 17.Be3 b6 18.Nxa6 Bxa6 19.Qc2 Re8 20.Rfe1 Nxe4 21.Nd4 Qc7 22.Rad1 f5
23.Nf3 h6 24.Qb3+ Bc4 25.Qxb6 Qxb6 26.Bxb6 Rb8 27.Rd8+ Rxd8 28.Bxd8 a4 29.a3 Bf8
30.Bb6 Bd6 31.Be3 g5 32.Nd2 Bd3 33.Nxe4 fxe4 34.Kf2 Kf7 35.Rh1 Kg6 36.h4 g4
37.h5+ Kg7 38.Rh4 g3+ 39.Ke1 1-0

[Event "XXXIV Open Internacional de Barbera del Valles - G
[Site "Barbera del Valles (Spain)"]
[Date "2011.07.06"]
[Round "3"]
[Board "1"]
[White "DURAN, Reinaldo"]
[Black "BUFI PUJADAS, Antonio"]
[Result "0-1"]
[WhiteElo "2098"]
[BlackElo "1902"]
[PlyCount "76"]
[EventDate "2011.07.04"]
[EventRounds "9"]
[EventCountry "ESP"]

1.e4 c5 2.Nc3 Nc6 3.f4 g6 4.Nf3 Bg7 5.Bb5 a6 6.Bxc6 bxc6 7.O-O Nf6 8.d3 Rb8
9.Qe1 O-O 10.Qh4 d6 11.Rb1 e6 12.f5 exf5 13.Bg5 h6 14.Bxh6 Ng4 15.Bg5 f6 16.Bd2
Ne5 17.exf5 Nxf3+ 18.Rxf3 Bxf5 19.Qc4+ d5 20.Qxc5 Qd7 21.b3 Rfe8 22.Rbf1 Bg4
23.R3f2 f5 24.Na4 Rb5 25.Qa3 Bd4 26.h3 Bh5 27.Nc3 Rbb8 28.Qc1 Qa7 29.Be1 Be2
30.Kh1 Bxf1 31.Rxf1 Qg7 32.Nd1 Re2 33.Bg3 Rbe8 34.c3 Bf6 35.Qa3 Be5 36.Bf2 Qc7
37.Qxa6 Bg3 38.Qb6 Rxf2 0-1

[Event "XXXIV Open Internacional de Barbera del Valles - G
[Site "Barbera del Valles (Spain)"]
[Date "2011.07.06"]
[Round "3"]
[Board "1"]
[White "AMRUTHA, Mokal"]
[Black "BALS HERNANDEZ, Jordi"]
[Result "0-1"]
[WhiteElo "2042"]
[BlackElo "2089"]
[PlyCount "104"]
[EventDate "2011.07.04"]
[EventRounds "9"]
[EventCountry "ESP"]

1.e4 c5 2.Nf3 Nc6 3.d4 cxd4 4.Nxd4 g6 5.Nc3 Bg7 6.Be3 Nf6 7.Bc4 O-O 8.Bb3 d6
9.f3 Bd7 10.Qd2 Na5 11.O-O-O Nxb3+ 12.cxb3 Qa5 13.Kb1 Rfc8 14.g4 b5 15.Bh6 Bxh6
16.Qxh6 b4 17.Nce2 Qe5 18.Ng3 a5 19.Qd2 a4 20.bxa4 Rxa4 21.b3 Raa8 22.g5 Ne8
23.Qxb4 Qxg5 24.Qd2 Qf6 25.h4 d5 26.exd5 Nc7 27.Ne4 Qe5 28.h5 Nxd5 29.hxg6 hxg6
30.Qh6 Qg7 31.Rd2 Qxh6 32.Rxh6 Kg7 33.Rdh2 Nc3+ 34.Nxc3 Rxc3 35.Rh7+ Kf6 36.Rd2
e5 37.Ne2 Bf5+ 38.Kb2 Rxf3 39.Nc3 Be6 40.Ne4+ Kf5 41.Nc5 e4 42.Nxe6 Kxe6 43.Re2
e3 44.Rhh2 f5 45.b4 g5 46.Kc3 Ke5 47.b5 f4 48.b6 Rb8 49.Rh6 Rf2 50.Re1 Rxa2
51.Kc4 e2 52.Kd3 Rd8+ 0-1

[Event "XXXIV Open Internacional de Barbera del Valles - G
[Site "Barbera del Valles (Spain)"]
[Date "2011.07.06"]
[Round "3"]
[Board "1"]
[White "THOMPSON, Ian D"]
[Black "SILVA RODRIGUEZ, Fernando"]
[Result "0-1"]
[WhiteElo "2274"]
[BlackElo "2064"]
[PlyCount "58"]
[EventDate "2011.07.04"]
[EventRounds "9"]
[EventCountry "ESP"]

1.c4 Nf6 2.Nc3 g6 3.g3 Bg7 4.Bg2 O-O 5.Nf3 d6 6.O-O c6 7.b3 e5 8.Bb2 Re8 9.d3 d5
10.Qd2 Nbd7 11.cxd5 cxd5 12.e3 Nb6 13.a4 Bg4 14.a5 Nbd7 15.d4 Ne4 16.Nxe4 dxe4
17.Ne1 exd4 18.exd4 Nc5 19.Qb4 Rc8 20.Rc1 b6 21.axb6 axb6 22.f3 Bxf3 23.Bxf3
exf3 24.Rxf3 Qd5 25.Rf2 Nxb3 26.Rxc8 Rxc8 27.Qxb6 Nxd4 28.Rd2 Qe4 29.Kf2 Re8 0-1

[Event "XXXIV Open Internacional de Barbera del Valles - G
[Site "Barbera del Valles (Spain)"]
[Date "2011.07.06"]
[Round "3"]
[Board "1"]
[White "VAN DER VEEN, Ronald"]
[Black "LOSADA CARRERA, Francisco Javie"]
[Result "1-0"]
[WhiteElo "2034"]
[BlackElo "2231"]
[PlyCount "112"]
[EventDate "2011.07.04"]
[EventRounds "9"]
[EventCountry "ESP"]

1.d4 c5 2.Nf3 cxd4 3.Nxd4 d5 4.Bf4 Nd7 5.Bg3 e5 6.Nb3 Ngf6 7.e3 Qc7 8.Be2 Bb4+
9.c3 Bd6 10.O-O O-O 11.N1d2 Nb6 12.Rc1 Be6 13.Qc2 a5 14.Nf3 h6 15.Rfd1 Ne4
16.Nbd2 Nxg3 17.hxg3 Rac8 18.e4 dxe4 19.Nxe4 Be7 20.Nh4 g5 21.Nf3 f5 22.Ned2 Bf6
23.c4 e4 24.Nxe4 fxe4 25.Qxe4 Rce8 26.c5 Nc8 27.Bb5 Re7 28.Rd2 Bxa2 29.Qc2 Na7
30.Ba4 Bf7 31.Rd6 Be8 32.Bb3+ Kg7 33.Nd4 Bxd4 34.Rxd4 Bg6 35.Qc4 Qe5 36.Rd6 Qxb2
37.Rxg6+ Kxg6 38.Bc2+ Kg7 39.Rd1 Qf6 40.Rd6 Qxf2+ 41.Kh2 Rf6 42.Rd8 Ref7 43.Qe4
Rf5 44.Qe8 Rf8 45.Rd7+ R5f7 46.Qe5+ Qf6 47.Qe4 Kh8 48.Rd6 Qg7 49.Rg6 Qh7 50.Qe6
Re7 51.Qd6 Nc8 52.Qd4+ Rg7 53.Rf6 Rxf6 54.Bxh7 Rff7 55.Be4 Rd7 56.Qf6 Na7 1-0

[Event "XXXIV Open Internacional de Barbera del Valles - G
[Site "Barbera del Valles (Spain)"]
[Date "2011.07.06"]
[Round "3"]
[Board "1"]
[White "GEORGIEVA, Emilia"]
[Black "LUNA CORTES, Luis"]
[Result "0-1"]
[WhiteElo "1975"]
[BlackElo "2143"]
[PlyCount "102"]
[EventDate "2011.07.04"]
[EventRounds "9"]
[EventCountry "ESP"]

1.d4 g6 2.Nf3 Bg7 3.c3 b6 4.Bf4 Bb7 5.Nbd2 Nf6 6.Qc2 d6 7.O-O-O c5 8.e3 Nbd7
9.Kb1 a6 10.h4 b5 11.Ka1 Qb6 12.Ng5 c4 13.e4 h6 14.Nh3 O-O 15.f3 e5 16.Be3 exd4
17.cxd4 Nh5 18.g4 Ng3 19.Rg1 Nxf1 20.Nxf1 Qd8 21.g5 h5 22.f4 Re8 23.e5 Nf8
24.Ng3 Bf3 25.Rd2 dxe5 26.fxe5 Qc8 27.Nf4 Ne6 28.Nxg6 fxg6 29.Qxg6 Nf8 30.Qc2
Qe6 31.Rf2 Bg4 32.Ne4 Qg6 33.Rgf1 Rad8 34.Rf4 Kh8 35.Qg2 Nh7 36.a3 a5 37.Bg1 b4
38.a4 Qc6 39.Kb1 Rf8 40.Qc2 Rxf4 41.Rxf4 b3 42.Qf2 Bxe5 43.Nc3 Bxf4 44.Qxf4 Re8
45.Qc1 Qg6+ 46.Ka1 Qc2 47.Qf1 Qf5 48.Qc1 Bh3 49.d5 Qf1 50.Bd4+ Kg8 51.Nd1 Re1 0-1

[Event "XXXIV Open Internacional de Barbera del Valles - G
[Site "Barbera del Valles (Spain)"]
[Date "2011.07.07"]
[Round "4"]
[Board "1"]
[White "ITURRIZAGA, Eduardo"]
[Black "HUERGA LEACHE, Mikel"]
[Result "1-0"]
[WhiteElo "2603"]
[BlackElo "2453"]
[PlyCount "109"]
[EventDate "2011.07.04"]
[EventRounds "9"]
[EventCountry "ESP"]

1.d4 Nf6 2.c4 g6 3.g3 Bg7 4.Bg2 d5 5.cxd5 Nxd5 6.e4 Nb6 7.Ne2 O-O 8.Nbc3 c5 9.d5
e6 10.O-O Na6 11.Nf4 exd5 12.Nfxd5 Be6 13.Bf4 Bd4 14.Qd2 Bxd5 15.exd5 Nb4 16.Nb5
N4xd5 17.Bh6 Bg7 18.Bxg7 Kxg7 19.Rfd1 a6 20.Nc3 Nf6 21.Qf4 Qe7 22.Re1 Qd7
23.Rad1 Qg4 24.Qxg4 Nxg4 25.Bxb7 Ra7 26.Bf3 Nf6 27.b3 Rb8 28.Rd6 Rd7 29.Red1 a5
30.Be2 Rc7 31.Nb5 Re7 32.Bf1 a4 33.bxa4 Nxa4 34.Ra6 Rxb5 35.Bxb5 Nc3 36.Rdd6 Ng4
37.Rd7 Re1+ 38.Bf1 Ne5 39.Rc7 Ne4 40.Kg2 Nd2 41.Re7 Nxf1 42.Rae6 Ne3+ 43.fxe3
Ng4 44.Re4 h5 45.h3 Nf6 46.Rf4 c4 47.Rxc4 Re2+ 48.Kf3 Rxa2 49.Rcc7 g5 50.Rxf7+
Kg6 51.Rg7+ Kh6 52.g4 hxg4+ 53.hxg4 Ra4 54.Ra7 Rc4 55.Rgc7 1-0

[Event "XXXIV Open Internacional de Barbera del Valles - G
[Site "Barbera del Valles (Spain)"]
[Date "2011.07.07"]
[Round "4"]
[Board "1"]
[White "PERALTA, Fernando"]
[Black "PEREZ MITJANS, Orelvis"]
[Result "1-0"]
[WhiteElo "2601"]
[BlackElo "2452"]
[PlyCount "115"]
[EventDate "2011.07.04"]
[EventRounds "9"]
[EventCountry "ESP"]

1.d4 Nf6 2.c4 c5 3.d5 b5 4.cxb5 a6 5.bxa6 g6 6.Nc3 Bg7 7.e4 d6 8.Nf3 O-O 9.Be2
Bxa6 10.O-O Qa5 11.e5 dxe5 12.Nxe5 Rd8 13.Bxa6 Qxa6 14.Qf3 Qb7 15.Re1 Na6 16.Nc6
Rd7 17.Bg5 Nb4 18.Nxe7+ Rxe7 19.Bxf6 Bxf6 20.Qxf6 Nxd5 21.Rxe7 Nxe7 22.Re1 Nf5
23.g4 Nd4 24.Re7 Qf3 25.Qxf3 Nxf3+ 26.Kg2 Nd4 27.Rc7 Ne6 28.Rb7 g5 29.a4 c4
30.Rb4 Nf4+ 31.Kf1 Nd3 32.Rxc4 Nxb2 33.Rb4 Nd3 34.Rb5 h6 35.Ke2 Nf4+ 36.Kd2 Ne6
37.Rd5 Kf8 38.Kc2 Ke7 39.Kb3 Rb8+ 40.Ka3 Nc7 41.Rc5 Kd7 42.Nb5 Na6 43.Rd5+ Ke7
44.Re5+ Kf6 45.Re3 Rd8 46.Rc3 Ke5 47.Nc7 Nxc7 48.Rxc7 f6 49.Rc3 Rd2 50.Rf3 h5
51.h3 hxg4 52.hxg4 Rd1 53.Rf5+ Ke6 54.f3 Rb1 55.a5 Ke7 56.Ka4 Ke6 57.a6 Ke7
58.Ra5 1-0

[Event "XXXIV Open Internacional de Barbera del Valles - G
[Site "Barbera del Valles (Spain)"]
[Date "2011.07.07"]
[Round "4"]
[Board "1"]
[White "NARCISO DUBLAN, Marc"]
[Black "VASSALLO BARROCHE, Mauricio"]
[Result "1-0"]
[WhiteElo "2544"]
[BlackElo "2416"]
[PlyCount "59"]
[EventDate "2011.07.04"]
[EventRounds "9"]
[EventCountry "ESP"]

1.e4 g6 2.Nc3 c6 3.d4 Bg7 4.Nf3 d6 5.Be2 Nf6 6.O-O O-O 7.a4 Qc7 8.a5 Nbd7 9.Be3
Rb8 10.Nd2 b5 11.axb6 axb6 12.f4 b5 13.e5 Ne8 14.Bg4 Nb6 15.Bxc8 Qxc8 16.Qf3 b4
17.Nce4 Nd5 18.Bf2 f6 19.exd6 Nxd6 20.Nxd6 exd6 21.Nc4 Qf5 22.Qb3 Kh8 23.g3 Rfd8
24.Ra6 Qg4 25.Be1 Rbc8 26.Qd3 Rc7 27.Bd2 Kg8 28.Na5 c5 29.Nc6 Rdd7 30.f5 1-0

[Event "XXXIV Open Internacional de Barbera del Valles - G
[Site "Barbera del Valles (Spain)"]
[Date "2011.07.07"]
[Round "4"]
[Board "1"]
[White "CUARTAS, Jaime Alexander"]
[Black "MASCARO MARCH, Pedro"]
[Result "1/2-1/2"]
[WhiteElo "2542"]
[BlackElo "2413"]
[PlyCount "86"]
[EventDate "2011.07.04"]
[EventRounds "9"]
[EventCountry "ESP"]

1.e4 e6 2.Nf3 d5 3.Nc3 Nf6 4.e5 Nfd7 5.d4 c5 6.dxc5 Nc6 7.Bf4 Bxc5 8.Bd3 a6
9.O-O Be7 10.Re1 Nc5 11.Bf1 b5 12.a3 O-O 13.b4 Nd7 14.Bg3 Nb6 15.Ne2 f5 16.exf6
Bxf6 17.Ned4 Nxd4 18.Nxd4 Nc4 19.c3 Qb6 20.Bd3 Bd7 21.Bxc4 Bxd4 22.cxd4 bxc4
23.Be5 Be8 24.Re3 Bg6 25.h4 Rf7 26.h5 Be4 27.Rg3 a5 28.Qa4 Qd8 29.Qc6 Qc8 30.b5
Qxc6 31.bxc6 Rc8 32.c7 h6 33.Rc3 Rfxc7 34.Bxc7 Rxc7 35.f3 Bd3 36.Rd1 Rb7 37.Kf2
Rb2+ 38.Kg3 Kf7 39.Rg1 Rb3 40.Rgc1 Rb2 41.Rg1 Rb3 42.Rgc1 Rb2 43.Rg1 Rb3 1/2-1/2

[Event "XXXIV Open Internacional de Barbera del Valles - G
[Site "Barbera del Valles (Spain)"]
[Date "2011.07.07"]
[Round "4"]
[Board "1"]
[White "AROSHIDZE, Levan"]
[Black "VAN RIEMSDIJK, Herman C"]
[Result "1-0"]
[WhiteElo "2539"]
[BlackElo "2403"]
[PlyCount "89"]
[EventDate "2011.07.04"]
[EventRounds "9"]
[EventCountry "ESP"]

1.e4 e6 2.d4 d5 3.Nc3 Nf6 4.e5 Nfd7 5.f4 c5 6.Nf3 Nc6 7.Be3 a6 8.Qd2 b5 9.Nd1
Qb6 10.Be2 f5 11.c3 a5 12.O-O a4 13.Nf2 c4 14.h3 Be7 15.g4 g6 16.gxf5 gxf5
17.Ng5 Nf8 18.Kh2 Bxg5 19.fxg5 Ng6 20.Nh1 b4 21.a3 bxc3 22.bxc3 Rb8 23.Ra2 Qd8
24.Ng3 Rb3 25.Nh5 Qe7 26.Nf6+ Kd8 27.Bf2 Rxa3 28.Rfa1 Rxa2 29.Rxa2 Qa7 30.Bd1 a3
31.Qc1 Kc7 32.Rxa3 Qb6 33.Ra2 Bb7 34.Qa3 Nd8 35.Rb2 Qa6 36.Qc5+ Qc6 37.Qa5+ Kc8
38.Ba4 Qc7 39.Qa7 Bc6 40.Qa6+ Bb7 41.Qb5 Bc6 42.Qb4 h6 43.Bxc6 Nxc6 44.Qa4 Nb8
45.Ne8 1-0

[Event "XXXIV Open Internacional de Barbera del Valles - G
[Site "Barbera del Valles (Spain)"]
[Date "2011.07.07"]
[Round "4"]
[Board "1"]
[White "IBARRA JEREZ, Jose Carlos"]
[Black "FENOLLAR JORDA, Manuel"]
[Result "1/2-1/2"]
[WhiteElo "2530"]
[BlackElo "2358"]
[PlyCount "72"]
[EventDate "2011.07.04"]
[EventRounds "9"]
[EventCountry "ESP"]

1.e4 c6 2.d3 d5 3.Nd2 Nf6 4.e5 Nfd7 5.d4 c5 6.c3 cxd4 7.cxd4 Nc6 8.Ne2 Nb6 9.Nb3
Bf5 10.Ng3 Bg6 11.h4 h6 12.h5 Bh7 13.e6 Qd6 14.exf7+ Kxf7 15.Bd3 Bxd3 16.Qxd3
Qf6 17.Ne2 e5 18.O-O Bd6 19.dxe5 Nxe5 20.Qh3 Rhf8 21.Be3 Nec4 22.Bxb6 Nxb6
23.Nbd4 Kg8 24.Rad1 Rae8 25.Rd3 Re4 26.Rf3 Qe5 27.Rxf8+ Bxf8 28.Qd3 Bc5 29.Rd1
Bxd4 30.Nxd4 Qxh5 31.Nf3 Qe8 32.b3 Qc6 33.Qd2 Qb5 34.Nd4 Qc5 35.Nf5 Qf8 36.Ne3
Qc5 1/2-1/2

[Event "XXXIV Open Internacional de Barbera del Valles - G
[Site "Barbera del Valles (Spain)"]
[Date "2011.07.07"]
[Round "4"]
[Board "1"]
[White "BRYNELL, Stellan"]
[Black "L'AMI, Alina"]
[Result "1/2-1/2"]
[WhiteElo "2495"]
[BlackElo "2312"]
[PlyCount "68"]
[EventDate "2011.07.04"]
[EventRounds "9"]
[EventCountry "ESP"]

1.d4 Nf6 2.c4 g6 3.g3 Bg7 4.Bg2 O-O 5.Nc3 d6 6.Nf3 Nbd7 7.O-O e5 8.h3 c6 9.e4
Qa5 10.Re1 exd4 11.Nxd4 Ne5 12.Bf1 Re8 13.Be3 Be6 14.Nxe6 Rxe6 15.Kg2 Ned7 16.f3
Rae8 17.Qd2 a6 18.a3 b5 19.Ne2 Qxd2 20.Bxd2 Rc8 21.Nf4 Ree8 22.Rad1 g5 23.Ne2
bxc4 24.Bxg5 d5 25.Nd4 dxe4 26.fxe4 Nxe4 27.Bc1 Nb6 28.Nf5 Bf6 29.Kf3 Ng5+
30.Bxg5 Bxg5 31.Nd6 Rxe1 32.Rxe1 Rb8 33.Nxc4 Nxc4 34.Bxc4 Rxb2 1/2-1/2

[Event "XXXIV Open Internacional de Barbera del Valles - G
[Site "Barbera del Valles (Spain)"]
[Date "2011.07.07"]
[Round "4"]
[Board "1"]
[White "SANDE EDREIRA, Jose Antonio"]
[Black "GEORGIEV, Kiril"]
[Result "0-1"]
[WhiteElo "2348"]
[BlackElo "2654"]
[PlyCount "82"]
[EventDate "2011.07.04"]
[EventRounds "9"]
[EventCountry "ESP"]

1.c4 Nf6 2.g3 c6 3.Nf3 d5 4.b3 dxc4 5.bxc4 e5 6.Nc3 e4 7.Ng5 Bf5 8.Bg2 Bc5 9.O-O
Qd4 10.Qb3 O-O 11.e3 Qe5 12.f3 exf3 13.Nxf3 Qc7 14.d4 Bb6 15.Nh4 Be6 16.d5 cxd5
17.cxd5 Bg4 18.Rxf6 gxf6 19.Ne4 Nd7 20.h3 Be2 21.Bb2 Qc4 22.Nf5 Qxb3 23.Ne7+ Kh8
24.axb3 Bxe3+ 25.Kh2 Bh6 26.d6 Bd3 27.Nf2 Bc2 28.Ng4 Bg7 29.Bxb7 Rab8 30.Rxa7
Nc5 31.Bd5 Bxb3 32.Bxb3 Rxb3 33.Bd4 Ne6 34.Ba1 Rd3 35.h4 Rxd6 36.Nf5 Rd2+ 37.Kh3
h5 38.Nxf6 Bxf6 39.Bxf6+ Kh7 40.Be7 Rb8 41.Ba3 Rb1 0-1

[Event "XXXIV Open Internacional de Barbera del Valles - G
[Site "Barbera del Valles (Spain)"]
[Date "2011.07.07"]
[Round "4"]
[Board "1"]
[White "COLON GARCIA, Enrique"]
[Black "MATNADZE, Ana"]
[Result "0-1"]
[WhiteElo "2276"]
[BlackElo "2428"]
[PlyCount "98"]
[EventDate "2011.07.04"]
[EventRounds "9"]
[EventCountry "ESP"]

1.e4 c5 2.Nf3 d6 3.d4 cxd4 4.Nxd4 Nf6 5.Nc3 Nc6 6.Bg5 e6 7.Qd2 Qb6 8.Nb3 a6
9.Bxf6 gxf6 10.O-O-O Bd7 11.f4 Rg8 12.Kb1 O-O-O 13.g3 Kb8 14.Bh3 Na5 15.Qe2 Nxb3
16.axb3 Qc5 17.Rhe1 Be7 18.f5 Rg5 19.e5 d5 20.fxe6 fxe6 21.exf6 Bxf6 22.Qf3 Be5
23.Qf7 Rg7 24.Qf3 Qc7 25.Ne2 Rc8 26.Rd2 a5 27.Nc1 Rg6 28.Qd1 Rh6 29.Bg4 Bd6
30.Rde2 Re8 31.Qd2 Rf6 32.Nd3 Bc8 33.Ne5 Ref8 34.Nd3 Re8 35.Ne5 Bb4 36.c3 Bd6
37.Nd3 Qg7 38.Bh5 Ref8 39.Re3 Qh6 40.Bd1 e5 41.R3e2 Qxd2 42.Rxd2 e4 43.Nf4 Bxf4
44.gxf4 Be6 45.c4 dxc4 46.bxc4 Rxf4 47.Bc2 Bxc4 48.Bxe4 Re8 49.b3 Ba6 0-1

[Event "XXXIV Open Internacional de Barbera del Valles - G
[Site "Barbera del Valles (Spain)"]
[Date "2011.07.07"]
[Round "4"]
[Board "1"]
[White "CRUZ RAVINA, Francisco Javier"]
[Black "RYAN, Joseph"]
[Result "0-1"]
[WhiteElo "2399"]
[BlackElo "2267"]
[PlyCount "106"]
[EventDate "2011.07.04"]
[EventRounds "9"]
[EventCountry "ESP"]

1.e4 e6 2.d4 d5 3.Nc3 Bb4 4.exd5 exd5 5.Bd3 Nc6 6.a3 Bxc3+ 7.bxc3 Nge7 8.Qh5 Be6
9.Nf3 Qd7 10.Ng5 O-O-O 11.O-O Bg4 12.Qh4 Ng6 13.Qg3 Bf5 14.Qf3 Bxd3 15.cxd3 f6
16.Nh3 h5 17.Nf4 Nxf4 18.Qxf4 Qg4 19.Qxg4+ hxg4 20.f3 gxf3 21.Rxf3 Rde8 22.Bf4
Re2 23.Rf2 Rhe8 24.Kf1 R2e6 25.Rb1 Nd8 26.Bd2 Rb6 27.Rxb6 axb6 28.Rf5 c6 29.Rf2
Kd7 30.Re2 Ne6 31.Re1 Ra8 32.Rb1 Rxa3 33.Rxb6 Kc7 34.Rb2 Ra1+ 35.Kf2 f5 36.h3 b5
37.Ke2 Kd6 38.Kf2 Ke7 39.g4 Kf6 40.c4 bxc4 41.dxc4 dxc4 42.Rc2 Ra4 43.Bc3 Kg6
44.gxf5+ Kxf5 45.Ke3 Nc7 46.d5 Nxd5+ 47.Kd4 Nxc3 48.Rxc3 Rb4 49.Rf3+ Kg5 50.Rc3
Kh4 51.Kc5 Rb3 52.Rxc4+ Kxh3 53.Kxc6 Rd3 0-1

[Event "XXXIV Open Internacional de Barbera del Valles - G
[Site "Barbera del Valles (Spain)"]
[Date "2011.07.07"]
[Round "4"]
[Board "1"]
[White "PERPINYA ROFES, Lluis Maria"]
[Black "SILVA RODRIGUEZ, Julio"]
[Result "0-1"]
[WhiteElo "2395"]
[BlackElo "2133"]
[PlyCount "68"]
[EventDate "2011.07.04"]
[EventRounds "9"]
[EventCountry "ESP"]

1.e4 e6 2.d4 d5 3.Nc3 Bb4 4.e5 c5 5.dxc5 Ne7 6.Nf3 Nd7 7.Bd3 Qc7 8.O-O Bxc3
9.bxc3 Nxc5 10.Rb1 Bd7 11.Ba3 b6 12.Qd2 Rc8 13.Qg5 Ng6 14.h4 Ne4 15.Bxe4 dxe4
16.h5 h6 17.Qg3 exf3 18.hxg6 fxg2 19.Rfd1 Bc6 20.Rd4 fxg6 21.Qxg6+ Qf7 22.Qg4
Bf3 23.Qh3 g5 24.Rd3 g4 25.Qh4 Rh7 26.Rb4 Qf5 27.Rbd4 Qg5 28.Qh2 Rf7 29.Rd6 Bd5
30.R6xd5 exd5 31.e6 Rf4 32.Bc1 Rcc4 33.Rd4 Rcxd4 34.cxd4 g3 0-1

[Event "XXXIV Open Internacional de Barbera del Valles - G
[Site "Barbera del Valles (Spain)"]
[Date "2011.07.07"]
[Round "4"]
[Board "1"]
[White "OBON TEMPRANO, Sergi"]
[Black "GOMEZ JURADO, Luis Alberto"]
[Result "1/2-1/2"]
[WhiteElo "2255"]
[BlackElo "2353"]
[PlyCount "55"]
[EventDate "2011.07.04"]
[EventRounds "9"]
[EventCountry "ESP"]

1.e4 c5 2.Nf3 Nc6 3.d4 cxd4 4.Nxd4 Nf6 5.Nc3 d6 6.g3 e5 7.Nb3 h6 8.Bg2 Be7 9.O-O
O-O 10.Qe2 a5 11.a4 Nb4 12.f4 Be6 13.f5 Bxb3 14.cxb3 Qb6+ 15.Be3 Qa6 16.Nb5 Rac8
17.Rac1 Rc6 18.Rc4 Rxc4 19.bxc4 Rc8 20.b3 Bd8 21.Rd1 Ne8 22.Kh1 Be7 23.g4 Qa8
24.Bf2 Rc6 25.Na7 Ra6 26.Nb5 Rc6 27.Na7 Ra6 28.Nb5 1/2-1/2

[Event "XXXIV Open Internacional de Barbera del Valles - G
[Site "Barbera del Valles (Spain)"]
[Date "2011.07.07"]
[Round "4"]
[Board "1"]
[White "CARLSSON, Pontus"]
[Black "CANAL OLIVERAS, Joan"]
[Result "1-0"]
[WhiteElo "2496"]
[BlackElo "2247"]
[PlyCount "73"]
[EventDate "2011.07.04"]
[EventRounds "9"]
[EventCountry "ESP"]

1.e4 e5 2.Nf3 Nc6 3.Bb5 a6 4.Ba4 d6 5.Bxc6+ bxc6 6.d4 exd4 7.Nxd4 Bd7 8.O-O g6
9.Nc3 Bg7 10.Re1 Ne7 11.Bf4 O-O 12.e5 Nf5 13.Nf3 d5 14.Na4 Nh4 15.Nd4 Qe7 16.Qd2
h6 17.Bxh6 Bxh6 18.Qxh6 Nf5 19.Nxf5 Bxf5 20.c3 Rfb8 21.Rad1 a5 22.b3 Rb5 23.Rd4
Qf8 24.Qg5 Be6 25.Rf4 c5 26.Rf6 Re8 27.h3 c4 28.h4 Qg7 29.Re3 cxb3 30.axb3 Rxb3
31.h5 Rb1+ 32.Kh2 Qh8 33.Rxg6+ Kf8 34.Rf3 Re1 35.Rff6 Bg4 36.Rxf7+ Kxf7 37.Rf6+ 1-0

[Event "XXXIV Open Internacional de Barbera del Valles - G
[Site "Barbera del Valles (Spain)"]
[Date "2011.07.07"]
[Round "4"]
[Board "1"]
[White "GARCIA ROMAN, Daniel"]
[Black "ALBERTO, Manuel"]
[Result "1-0"]
[WhiteElo "2427"]
[BlackElo "2218"]
[PlyCount "149"]
[EventDate "2011.07.04"]
[EventRounds "9"]
[EventCountry "ESP"]

1.d4 Nf6 2.c4 c5 3.d5 b5 4.cxb5 a6 5.bxa6 Bxa6 6.Nc3 d6 7.e4 Bxf1 8.Kxf1 g6 9.g3
Bg7 10.Kg2 O-O 11.Nf3 Nbd7 12.Re1 Ng4 13.Qe2 Qa5 14.Nd2 h5 15.h3 Ngf6 16.Nc4 Qb4
17.Bd2 Nb6 18.Na4 Qxc4 19.Nxb6 Qxe2 20.Rxe2 Ra6 21.Nc4 Rfa8 22.a3 Rb8 23.a4 Nd7
24.Bc3 Bxc3 25.bxc3 Nf6 26.Ra3 Kg7 27.a5 g5 28.f3 Kg6 29.Rb2 Rxb2+ 30.Nxb2 e6
31.dxe6 fxe6 32.e5 dxe5 33.Nc4 e4 34.fxe4 Nxe4 35.Kf3 Nf6 36.Rb3 Nd5 37.Ke4 Kf6
38.Kd3 h4 39.gxh4 gxh4 40.Rb1 Nf4+ 41.Ke3 Nd5+ 42.Kd2 Kf5 43.Rg1 Nf4 44.Rg4 Nxh3
45.Rxh4 Ng5 46.Kc2 e5 47.Kb3 Nf3 48.Rh8 e4 49.Ka4 Re6 50.Rf8+ Kg4 51.Ne3+ Kg3
52.Kb5 Kf2 53.Ng4+ Kg3 54.Ne3 Kf2 55.Ng4+ Kg3 56.a6 Re7 57.Ne3 Kf2 58.Ng4+ Kg3
59.Ne3 Kf2 60.Ng4+ Kg3 61.Rg8 Nd2 62.Kxc5 Kf4 63.Kb6 Nc4+ 64.Kb5 Na3+ 65.Ka4 Nb1
66.c4 e3 67.Nxe3 Kxe3 68.Rd8 Nd2 69.c5 Ne4 70.c6 Rc7 71.Ka5 Rh7 72.Kb6 Nc3 73.c7
Rh6+ 74.Kb7 Rh7 75.Kb8 1-0